• 首页
  • 本馆介绍
  • 公告通知
  • 最新文献
  • 馆藏检索
  • 电子资源
  • 读者导购
  • 参考咨询
  • 我的图书馆
  • 登录
  • 详细信息显示
  • 放入我的书架
  • 预约/预借图书
  • 作者相关作品
  • 分类相关作品
  • 丛书相关作品
  • 出版社相关作品

书目信息

  • 表格格式
  • 工作单格式
  • 卡片格式
题名:
理论力学
    
 
作者: 斯比格 著 ;马远良 , 钱开鲁 译
分册:  
出版信息: 北京   科学出版社  1983.6
页数: 380页
开本: 26cm
丛书名:
单 册:
中图分类: O31
科图分类:
主题词: 一般力学 , 理论力学
电子资源:
ISBN:
000 00732nam0 2200241 45
001 0405171766
005 20060817145420.51
010    @dCNY3.75
091    @a13031.2272
100    @a20040517d1983 km y0chiy0120 ea
101 0  @achi@ceng
200 1  @a理论力学@ALi Lun Li Xue@e理论和习题@ELi Lun He Xi Ti@f(美)M·R·斯比格著@F(Mei)M·R·Si Bi Ge Zhu@g马远良,钱开鲁译@Gma yuan liang,qian kai lu yi
210    @a北京@c科学出版社@d1983.6
215    @a380页@c图表@d26cm
517    @a理论和习题@ALi Lun He Xi Ti
606 0  @a一般力学
606 0  @a理论力学
690    @aO31@v3
701  0 @a斯比格@4著
702  0 @a马远良@Ama yuan liang@4译
702  0 @a钱开鲁@Aqian kai lu@4译
801    @aCN@bPftUser@c20060817
905    @dO31@e11
    
    理论力学:理论和习题/(美)M·R·斯比格著/马远良,钱开鲁译.-北京:科学出版社,1983.6
    380页:图表;26cm
    
    
    ISBN :CNY3.75
    
●
相关链接 在E读中查询图书 在五车中查询图书 在当当中查询图书 在豆瓣中查询图书


正题名:理论力学     索取号:O31/11         预约/预借

序号 登录号 条形码 馆藏地/架位号 状态 备注
1 0094666   001447152   第三借阅区/ [索取号:O31/11] 在馆    
2 0094667   202370040   密集书库/ [索取号:O31/11] 在馆    
3 0094668   202370095   密集书库/ [索取号:O31/11] 在馆    
4 0094669   202370004   密集书库/ [索取号:O31/11] 在馆    
5 0094670   202370086   密集书库/ [索取号:O31/11] 在馆    
6 0118051   001447072   第三借阅区/ [索取号:O31/11] 在馆    
7 0118053   001447116   第三借阅区/ [索取号:O31/11] 在馆    
8 0118054   202370059   密集书库/ [索取号:O31/11] 在馆    
9 0174379   001447081   第三借阅区/ [索取号:O31/11] 在馆    
10 0174380   001977418   第三借阅区/ [索取号:O31/11] 在馆    
11 0442559   204425595   密集书库/ [索取号:O31/11] 在馆    
12 0454494   204544948   密集书库/ [索取号:O31/11] 在馆    
13 0454495   204544957   密集书库/ [索取号:O31/11] 在馆    
14 0468429   204684298   密集书库/ [索取号:O31/11] 在馆    
唐山师范学院图书馆 欢迎您!
大连网信软件有限公司© 版权所有